One Piece: Famille Charlotte - Statistiques

Statistiques générales
  • Ce quiz a été pris 193 fois
  • Le résultat moyen est 43 sur 91
Statistiques - réponses
Hint Réponse % Correct
2ème Fils Katakuri
98%
Matriarche Linlin
94%
1er Fils Perospero
94%
35ème Fille Pudding
91%
5ème Fils Opéra
88%
4ème Fils Oven
88%
14ème Fille Smoothie
88%
8ème Fille Brulée
83%
3ème Fils Daifuku
83%
10ème Fils Cracker
82%
19ème Fils Mont d'Or
82%
23ème Fille Laura
78%
22ème Fille Chiffon
77%
3ème Fille Amande
74%
17ème Fils Compo
72%
1ère Fille Compotte
71%
42ème Mari Pound
69%
36ème Fille Flampe
66%
Mari de la 22ème Fille Capone Bege
65%
18ème Fille Galette
58%
25ème Fils Snack
58%
2ème Fille Mondée
55%
21ème Fille Praline
55%
39ème Fille Ananas
51%
15ème Fille Citron
51%
16ème Fils Moscato
51%
33ème Fils Raisin
51%
Mari de la 21ème Fille Aladin
49%
19ème Fille Poire
48%
32ème Fils Brownie
46%
Fils de la 22ème Fille Capone Pets
46%
5ème Fille Effilée
46%
26ème Fils Bavarois
45%
4ème Fille Hachée
45%
9ème Fille Broyée
43%
7ème Fils Cadenza
43%
16ème Fille Cinnamon
43%
27ème Fille Joconde
43%
29ème Fille Joscarpone
43%
34ème Fils Mascarpone
43%
15ème Fils Noisette
43%
6ème Fils Counter
42%
46ème Fils Dragée
42%
12ème Fils Nusstorte
42%
42ème Fils Anglais
40%
45ème Fils Dolce
40%
13ème Fils Basskarte
38%
8ème Fils Cabaletta
38%
14ème Fils Dosmarché
38%
20ème Fille Prim
38%
7ème Fille Angel
37%
6ème Fille Custard
37%
44ème Fils Dechat
37%
9ème Fils Gala
37%
38ème Fille Normande
37%
41ème Fils Nougat
37%
21ème Fils Tablette
37%
24ème Fils Dacquoise
35%
Mari de la 23ème Fille Gotti
35%
31ème Fils Mobile
35%
12ème Fille Mozart
34%
25ème Fille Mucre
34%
30ème Fille Muscade
34%
32ème Fille Muscadelle
34%
34ème Fille Muscadette
34%
33ème Fille Muscadine
34%
22ème Fils Saint-Marc
34%
11ème Fils Zuccotto
34%
30ème Fils Chiboust
32%
11ème Fille Corn Starch
32%
20ème Fils High Fat
32%
26ème Fille Mapple
32%
13ème Fille Marnier
32%
17ème Fille Melise
32%
29ème Fils Mont-Blanc
32%
31ème Fille Muscadia
32%
36ème Fils Nyûichi
32%
38ème Fils Nyûsan
32%
39ème Fils Nyûshi
32%
23ème Fils Basans
31%
24ème Fille Marble
31%
10ème Fille Mash
31%
40ème Fils Nyûgo
31%
37ème Fils Nyûji
31%
18ème Fils Laurique
29%
28ème Fille Panna
29%
37ème Fille Wafers
29%
35ème Fils Yu Yuan
29%
27ème Fils Agar-Agar
28%
28ème Fils Sucrage
28%
43ème Fils Uiro
28%
Aucun quiz correspondant
Distribution des résultats
% des personnes avec chaque résultat
Percentile par nombre de réponses
Votre historique - résultats
Vous n’avez pas pris ce quiz